Možnosti vzdelávania v pracovnom pomere
Pracovné právo v prípade vzdelávania. Prípady zvyšovania kvalifikácie. Prípady získavania, nadobúdania a prehlbovania kvalifikácie. Zvyšovanie kvalifikácie a Zákonník práce.
Enregistré dans:
| Auteur principal: | |
|---|---|
| Format: | Chapitre de livre |
| Langue: | slovaque |
| Sujets: | |
| Tags: |
Pas de tags, Soyez le premier à ajouter un tag!
|
MARC
| LEADER | 00000naa a2200000 4500 | ||
|---|---|---|---|
| 001 | 0234206 | ||
| 005 | 20170704100526.4 | ||
| 041 | 0 | |a slo | |
| 044 | |a SK | ||
| 245 | 1 | 0 | |a Možnosti vzdelávania v pracovnom pomere |c Ladislav Hrtánek |
| 520 | |a Pracovné právo v prípade vzdelávania. Prípady zvyšovania kvalifikácie. Prípady získavania, nadobúdania a prehlbovania kvalifikácie. Zvyšovanie kvalifikácie a Zákonník práce. | ||
| 610 | 2 | 0 | |a zvyšovanie kvalifikácie |
| 610 | 2 | 0 | |a pomer pracovný |
| 610 | 2 | 0 | |a voľno pracovné |
| 610 | 2 | 0 | |a náhrada mzdy |
| 610 | 2 | 0 | |a právo pracovné |
| 100 | 1 | |a Hrtánek, Ladislav | |